=LDR 00000nam 2200000 4500 =001 INLIS000000000003948 =005 20130612092237 =008 ***********************************Ind** =035 ##$$0010-061300000003948 =041 ##$$a Ind =082 ##$$a 909 =090 ##$$a 909, Suh p =100 ##$$a Suhadi, Makhdi =245 ##$$a Prasasti-prasasti Adityawarman, Disusun oleh DR.Machdi Suhadi =260 ##$$a 1996 $b Jakarta =300 ##$$a v, 41 hlm., ilus., 22 cm =650 ##$$a Kebudayaan =650 ##$$a Sejarah =850 ##$$a NBPNMAT